000 00893nam a2200241Ia 4500
999 _c47138
_d47138
001 13996
003 GE_BSU
005 20191118143115.0
008 181216s2008||||ge |||||||||||||| ||geo||
040 _cGE_BSU
041 _ageo
080 _a811.353.1'282 ა-97
245 _aაჭარული დიალექტის დარგობრივი ლექსიკა X /
_cრედ. შ. ძიძიგური.
260 _aბათუმი
260 _bბათუმის უნ-ტი
260 _c2008
300 _a148 გვ. ;
_c21 სმ.
653 _aაჭარული დიალექტი
653 _aქართული ენის დიალექტები
653 _aქართული ტოპონიმიკა
700 _aძიძიგური, შ.
_eრედაქტორი
_92258
942 _cBK
_2udc